College programs for paraprofessionals; (Record no. 3924)

000 -LEADER
fixed length control field 00748cam a2200217 4500
003 - CONTROL NUMBER IDENTIFIER
control field OSt
005 - DATE AND TIME OF LATEST TRANSACTION
control field 20220222055110.0
008 - FIXED-LENGTH DATA ELEMENTS--GENERAL INFORMATION
fixed length control field 740620s1975 nyu r 000 0 eng
020 ## - INTERNATIONAL STANDARD BOOK NUMBER
International Standard Book Number 0877052298
040 ## - CATALOGING SOURCE
Transcribing agency DLC
043 ## - GEOGRAPHIC AREA CODE
Geographic area code n-us---
050 00 - LIBRARY OF CONGRESS CALL NUMBER
Classification number HV11
Item number .Q4 1975
110 2# - MAIN ENTRY--CORPORATE NAME
Corporate name or jurisdiction name as entry element Queens College (New York, N.Y.).
Subordinate unit New Human Services Institute.
245 10 - TITLE STATEMENT
Title College programs for paraprofessionals;
Remainder of title a directory of degree-granting programs in the human services.
260 ## - PUBLICATION, DISTRIBUTION, ETC.
Place of publication, distribution, etc. New York,
Name of publisher, distributor, etc. Human Sciences Press
Date of publication, distribution, etc. [c1975]
300 ## - PHYSICAL DESCRIPTION
Extent vi, 135 p. ;
Dimensions 22 cm.
650 #0 - SUBJECT ADDED ENTRY--TOPICAL TERM
Topical term or geographic name entry element Paraprofessionals in social service.
650 #0 - SUBJECT ADDED ENTRY--TOPICAL TERM
Topical term or geographic name entry element Social work education
Geographic subdivision United States
General subdivision Directories.
906 ## - LOCAL DATA ELEMENT F, LDF (RLIN)
a 7
b cbc
c orignew
d 1
e ocip
f 19
g y-gencatlg
942 ## - ADDED ENTRY ELEMENTS (KOHA)
Source of classification or shelving scheme
Koha item type Book
Holdings
Withdrawn status Lost status Source of classification or shelving scheme Damaged status Not for loan Permanent Location Current Location Shelving location Date acquired Source of acquisition Total Checkouts Full call number Barcode Date last seen Price effective from Koha item type Public note
          AU LIBRARY AU LIBRARY Open Shelf 22.02.2022 DONATION FROM MOI UNIVERSITY   HV11 .Q4 1975 28005619 22.02.2022 22.02.2022 Book SM

Powered by Koha